000 00463nam a2200181Ia 4500
008 240925s9999 xx 000 0 und d
020 _a135911400
082 _a339.301 PAR
100 _aParkin, Michael ; Bade, Robin
245 0 _aModern Macroeconomics
250 _a3rd
260 _aOntario:
_bPrentice Hall
_c,1992.
300 _a658p.
_b0
_fOriginal
500 _aIncludes Index
600 _aSocial Sciences
650 _aSocial Sciences
942 _cBK
999 _c14474
_d14474